000 01039nam a22002057a 4500
999 _c16982
_d16982
005 20251125232851.0
008 s2535 th tha d
040 _aNALT
041 _atha
245 1 0 _aพระราชบัญญัติระเบียบข้าราชการพลเรือน พ.ศ.2535
260 3 _aกรุงเทพฯ :
_bงานญัตติ กองการประชุม สำนักงานเลขาธิการรัฐสภา,
_c2535
300 _a82 หน้า :
_b ตาราง ;
_c 30 ซม.
650 0 4 _aข้าราชการพลเรือน--กฎหมายและระเบียบข้อบังคับ
650 0 4 _aระเบียบข้าราชการพลเรือน(พ.ร.บ)--2535
850 _aNALT
856 4 0 _uhttps://hdl.handle.net/20.500.14156/460783
942 _cLB
_2lcc
998 _j25
_k นีลวัสน์ อินทรักษา
090 _aKE61 ร362พ 2535